ბათუმის შოთა რუსთაველის სახელმწიფო უნივერსიტეტის ბიბლიოთეკა

Waddle Lot of Laughs Joke Book (ბიბ.ჩანაწერი № 47603)

000 -LEADER
fixed length control field 00509nam a2200217Ia 4500
001 - CONTROL NUMBER
control field 14472
003 - CONTROL NUMBER IDENTIFIER
control field GE_BSU
008 - FIXED-LENGTH DATA ELEMENTS--GENERAL INFORMATION
fixed length control field 181216s||||||||xx |||||||||||||| ||und||
020 ## - INTERNATIONAL STANDARD BOOK NUMBER
International Standard Book Number 9781409390374
040 ## - CATALOGING SOURCE
Transcribing agency GE_BSU
080 ## - UNIVERSAL DECIMAL CLASSIFICATION NUMBER
Universal Decimal Classification number 82-93
245 ## - TITLE STATEMENT
Title Waddle Lot of Laughs Joke Book
245 ## - TITLE STATEMENT
Remainder of title Disney Club Penguin
260 ## - PUBLICATION, DISTRIBUTION, ETC.
Place of publication, distribution, etc. London
260 ## - PUBLICATION, DISTRIBUTION, ETC.
Name of publisher, distributor, etc. Penguin Books
260 ## - PUBLICATION, DISTRIBUTION, ETC.
Date of publication, distribution, etc. 2009
300 ## - PHYSICAL DESCRIPTION
Extent 62p.20cm.ill.
653 ## - INDEX TERM--UNCONTROLLED
Uncontrolled term Disney Club Penguin
653 ## - INDEX TERM--UNCONTROLLED
Uncontrolled term Waddle Lot of Laughs Joke book
942 ## - ADDED ENTRY ELEMENTS (KOHA)
Koha item type წიგნი
ეგზემპლარები
Withdrawn status Lost status Damaged status Not for loan Date acquired Barcode Date last seen Price effective from Koha item type
        2018-12-17 37452 2018-12-17 2018-12-17 წიგნი